000 005220000a22001810004500
003 MACL
005 20160225131137.0
008 160225b xxu||||| |||| 00| 0 eng d
040 _aMACL
_cMACL
041 _aHindi
082 _a800
100 _aभगवतशरण उपाध्‍याय
_940353
245 _aइतिहास साक्षी है
260 _bभारतीय ज्ञानपीठ
_c1960
_aकाशी
350 _a3
650 _aLiteracture
_939932
942 _cHIN
_k800
_2ddc
999 _c25519
_d25519